Sanat- "myrkytyksen oireet" - Juice Leskinen - Statistics

Yleistilastot
  • Tätä visaa on pelattu 51 kertaa
  • Keskiarvotulos 101 / 158
Vastaustilastot
sanat % Oikein
kun
90%
minä
90%
hautaansa
87%
jo
87%
maailma
87%
se
87%
aurinko
83%
kuolee
83%
nilkuttaa
83%
piiloutui
83%
rakastan
83%
siinä,
83%
siinä
83%
vaikka
83%
varjoon
83%
vilkuttaa
83%
ydinvoimalan
83%
istuta
80%
ketkä
80%
mahtavan
80%
nuolee
80%
omenapuu
80%
vierellä
80%
huomenna
77%
laskeutuu
77%
saaste
77%
voit
77%
ei
73%
ole
73%
tukkaasi
73%
tuli
73%
vielä
73%
kuule
70%
on
70%
vain
70%
voin
70%
tee
67%
vierelläs
67%
kunnes
63%
maailman
63%
mitään
63%
viisas:
60%
elää
57%
olen
57%
turhaan
57%
kuin
53%
lapsi
53%
ja
50%
liekit
50%
niin
50%
saatanan
50%
demokratian
47%
hymyilee,
47%
olla
47%
vanhus,
47%
antoivat
43%
helpompi
43%
hyvin
43%
minun
43%
mua
43%
nyt
43%
profeetan:
43%
saapuu
43%
syksy
43%
lapset
40%
mielin
40%
miljoonan
40%
oon
40%
orpo,
40%
vasta
40%
kaapanneet
37%
kanssa
37%
katkeran
37%
lailla
37%
mutta
37%
tuo
37%
tuskasi
37%
vainajan,
37%
voittajan
37%
huuda
33%
liepeitään
33%
mulle
33%
parannan"
33%
seison
33%
taivaisiin
33%
unta
33%
ylle
33%
aamu
30%
äänen
30%
kaupungin
30%
nukkuvan
30%
nuoren
30%
prinsessan
30%
rakennan
30%
tässä
30%
"teidät
30%
tiedän
30%
tuulen
30%
uusi
30%
öisen
27%
rauhan
27%
tappavan
27%
millaisen
20%
Ehtoja vastaavia visoja ei löytynyt
Tulosjakauma
Jokaisen tuloksen saaneiden osuus
Persentiili vastausten määrän mukaan
Tuloshistoriasi
Et ole pelannut tätä visaa